Every Mega Pokemon - Statistics

General Stats
  • This quiz has been taken 257 times
    22 since last reset
  • The average score is 74 of 93
Answer Stats
Answer % Correct
Blastoise
100%
Charizard X
100%
Charizard Y
100%
Venusaur
100%
Absol
93%
Absol Z
93%
Blaziken
93%
Dragonite
93%
Feraligatr
93%
Garchomp
93%
Garchomp Z
93%
Gyarados
93%
Lucario
93%
Lucario Z
93%
Meganium
93%
Mewtwo X
93%
Mewtwo Y
93%
Pidgeot
93%
Sceptile
93%
Swampert
93%
Victreebel
93%
Aerodactyl
87%
Aggron
87%
Beedrill
87%
Chesnaught
87%
Delphox
87%
Excadrill
87%
Froslass
87%
Gallade
87%
Gardevoir
87%
Glalie
87%
Greninja
87%
Houndoom
87%
Kangaskhan
87%
Rayquaza
87%
Salamence
87%
Starmie
87%
Tyranitar
87%
Alakazam
80%
Baxcalibur
80%
Clefable
80%
Darkrai
80%
Diancie
80%
Emboar
80%
Falinks
80%
Gengar
80%
Glimmora
80%
Hawlucha
80%
Latias
80%
Latios
80%
Mawile
80%
Medicham
80%
Metagross
80%
Raichu X
80%
Raichu Y
80%
Sableye
80%
Scizor
80%
Slowbro
80%
Staraptor
80%
Steelix
80%
Abomasnow
73%
Ampharos
73%
Audino
73%
Barbaracle
73%
Camerupt
73%
Chandelure
73%
Floette
73%
Golurk
73%
Manectric
73%
Pyroar
73%
Scovillain
73%
Zeraora
73%
Zygarde
73%
Altaria
67%
Banette
67%
Chimecho
67%
Dragalge
67%
Drampa
67%
Eelektross
67%
Lopunny
67%
Meowstic
67%
Pinsir
67%
Scrafty
67%
Tatsugiri
67%
Crabominable
60%
Heatran
60%
Magearna
60%
Scolipede
60%
Heracross
53%
Malamar
53%
Sharpedo
53%
Skarmory
53%
Golisopod
47%
No matching quizzes found
Score Distribution
Percent of People with Each Score
Percentile by Number Answered
Your Score History
You have not taken this quiz since the last reset